Score 0/13 Timer 01:30
1 Play Today
Clue 3-Letter Word % Correct
First name of quarterback TebowTIM
90.2%
A joke exploiting the different possible meanings of a wordPUN
83.2%
Touch quickly and gently with the flat of the handPAT
82%
The chemical element of atomic number 50TIN
81.6%
A large tank or tub used to hold liquidVAT
80.6%
✩ Actor portraying [Rung 2] 'Iceman' Kasansky ✩✩ VAL ✩
79.7%
Move to or place in a particular positionPUT
77.3%
✩ Character portrayed by [Rung 8] Kilmer ✩✩ TOM ✩
76.6%
✩ Tom Cruise flick [Rung 1][Rung 13] ✩✩ TOP ✩
76.5%
✩ Tom Cruise flick [Rung 1][Rung 13] ✩✩ GUN ✩
75.2%
A loud continuous noiseDIN
67.7%
Tommy Pickle's younger brotherDIL
54.2%
An Indian stew of lentilsDAL
50.9%

Today's Daily Dose

Remove Ads.
Support Sporcle.
Get the best of Sporcle when you Go Orange. This ad-free experience offers more features, more stats, and more fun while also helping to support Sporcle. Thank you for becoming a member.

You're not logged in!

Compare scores with friends on all Sporcle quizzes.
OR
Log In

Show Comments

Extras

Top Quizzes Today


Score Distribution

Your Account Isn't Verified!

In order to create a playlist on Sporcle, you need to verify the email address you used during registration. Go to your Sporcle Settings to finish the process.

Report this User

Report this user for behavior that violates our Community Guidelines.

Details: